[Event "Kaspersky op U16"]
[Site "Tornelo INT"]
[Date "2021.04.02"]
[Round "10"]
[White "Bizyukina, Polina"]
[Black "Gorny, Tomasz"]
[Result "0-1"]
[WhiteElo "1327"]
[BlackElo "1662"]
[PlyCount "176"]
[EventDate "2021.04.02"]
[EventType "swiss (blitz)"]
[EventRounds "11"]
[EventCountry "RUS"]
[SourceTitle "CBM 201 Extra"]
[Source "ChessBase"]
[SourceDate "2021.05.31"]
[SourceVersion "1"]
[SourceVersionDate "2021.05.31"]
[SourceQuality "1"]

1. e4 c5 2. c3 d5 3. exd5 Qxd5 4. Nf3 Nf6 5. Be2 e5 6. c4 Qd6 7. d3 Nc6 8. Nc3 Be7 9. Bg5 0-0 10. 0-0 Bf5 11. Nb5 Qd7 12. Nc3 Rad8 13. Bxf6 Bxf6 14. Nd5 Nb4 15. Nxb4 cxb4 16. Ne1 a5 17. a3 Qe7 18. Nc2 Be6 19. Ne3 Bg5 20. axb4 axb4 21. Ra5 Bxe3 22. fxe3 Bxc4 23. Qc2 Bd5 24. e4 Bc6 25. Bg4 Qg5 26. Qe2 Qe7 27. Rf5 f6 28. Rf1 Qc7 29. Rfa1 Qb6+ 30. Kh1 Qd4 31. Be6+ Kh8 32. Qh5 g6 33. Qh3 Qxd3 34. Qxd3 Rxd3 35. Ra8 Rdd8 36. Rxd8 Rxd8 37. h3 Kg7 38. Re1 Kf8 39. b3 Ke7 40. Bc4 Rd4 41. Kg1 Rxe4 42. Rd1 Rd4 43. Ra1 Rd2 44. g4 Rg2+ 45. Kf1 Rh2 46. Ra8 Rxh3 47. Rh8 h5 48. Rh7+ Kd6 49. gxh5 gxh5 50. Rh6 Rf3+ 51. Ke2 Rf5 52. Bd3 e4 53. Bc4 Ke5 54. Rh7 Rg5 55. Ke3 Rg3+ 56. Kf2 Rf3+ 57. Ke2 f5 58. Rxh5 Rc3 59. Rh6 Kf4 60. Rh4+ Kg3 61. Rh8 Rc2+ 62. Kd1 Rg2 63. Rg8+ Kf3 64. Rf8 f4 65. Bf1 Rg1 66. Ke1 Bb5 67. Kd2 Rxf1 68. Rf6 e3+ 69. Kc2 Rf2+ 70. Kd1 e2+ 71. Ke1 Rf1+ 72. Kd2 Rd1+ 73. Kc2 Bd3+ 74. Kb2 Rb1+ 75. Ka2 e1Q 76. Rxf4+ Ke3 77. Re4+ Kd2 78. Re2+ Kc3 79. Rc2+ Kd4 80. Rc4+ Ke3 81. Re4+ Kf3 82. Rf4+ Ke2 83. Rf2+ Kd1 84. Rf1 Ra1+ 85. Kb2 Qxf1 86. Kxa1 Qf6+ 87. Ka2 Qa6+ 88. Kb2 Qa3# 0-1

[Event "Kaspersky op U16"]
[Site "Tornelo INT"]
[Date "2021.04.02"]
[Round "6"]
[White "Bizyukina, Polina"]
[Black "Lyon Martinez, Juan Pablo"]
[Result "0-1"]
[WhiteElo "1327"]
[BlackElo "1947"]
[PlyCount "90"]
[EventDate "2021.04.02"]
[EventType "swiss (blitz)"]
[EventRounds "11"]
[EventCountry "RUS"]
[SourceTitle "CBM 201 Extra"]
[Source "ChessBase"]
[SourceDate "2021.05.31"]
[SourceVersion "1"]
[SourceVersionDate "2021.05.31"]
[SourceQuality "1"]

1. e4 e6 2. d4 d5 3. exd5 exd5 4. c4 Nf6 5. Nf3 Bb4+ 6. Nc3 0-0 7. Be2 dxc4 8. Bxc4 Re8+ 9. Be3 Ng4 10. 0-0 Bxc3 11. bxc3 Rxe3 12. fxe3 Nxe3 13. Bxf7+ Kh8 14. Qd3 Nxf1 15. Rxf1 Nc6 16. d5 Bg4 17. Qe4 Bxf3 18. Rxf3 Ne7 19. Rh3 h6 20. Qe5 Qd6 21. Qd4 Nf5 22. Qf2 Qf6 23. Be6 Rf8 24. Rf3 g6 25. g4 Qg5 26. Bxf5 gxf5 27. Qd4+ Kh7 28. h3 h5 29. d6 hxg4 30. hxg4 cxd6 31. Rh3+ Kg6 32. Qxd6+ Rf6 33. Qc7 Qc1+ 34. Kh2 Qd2+ 35. Kg1 Qe1+ 36. Kg2 Qe4+ 37. Kh2 Qe2+ 38. Kg1 fxg4 39. Qh7+ Kg5 40. Qg7+ Rg6 41. Qh7 Qe1+ 42. Kh2 Qf2+ 43. Kh1 gxh3 44. Qxh3 Rh6 45. c4 Rxh3# 0-1

[Event "Kaspersky op U16"]
[Site "Tornelo INT"]
[Date "2021.04.02"]
[Round "8"]
[White "Bizyukina, Polina"]
[Black "Pidluznij, Gleb"]
[Result "0-1"]
[WhiteElo "1327"]
[BlackElo "2044"]
[PlyCount "94"]
[EventDate "2021.04.02"]
[EventType "swiss (blitz)"]
[EventRounds "11"]
[EventCountry "RUS"]
[SourceTitle "CBM 201 Extra"]
[Source "ChessBase"]
[SourceDate "2021.05.31"]
[SourceVersion "1"]
[SourceVersionDate "2021.05.31"]
[SourceQuality "1"]

1. e4 c5 2. c3 Nf6 3. e5 Nd5 4. d4 cxd4 5. cxd4 d6 6. Bb5+ Nc6 7. Nf3 Qa5+ 8. Nc3 Nxc3 9. Bxc6+ bxc6 10. bxc3 Qxc3+ 11. Bd2 Qc4 12. Rc1 Qd5 13. 0-0 e6 14. Qa4 Bd7 15. Qa6 Qb5 16. Qxb5 cxb5 17. Rc7 Be7 18. Bb4 d5 19. Bxe7 Kxe7 20. Ng5 f6 21. exf6+ gxf6 22. Nf3 Rhc8 23. Rfc1 Kd6 24. Rxc8 Rxc8 25. Rxc8 Bxc8 26. Kf1 e5 27. Ke2 Bg4 28. Ke3 Bxf3 29. gxf3 b4 30. Kd3 a5 31. h3 a4 32. h4 a3 33. dxe5+ Kxe5 34. Kc2 Kf4 35. Kb3 Kxf3 36. Kxb4 Kxf2 37. Kxa3 d4 38. Kb2 d3 39. Kc1 Ke2 40. a4 d2+ 41. Kc2 d1Q+ 42. Kc3 Qxa4 43. h5 h6 44. Kb2 Kd2 45. Kb1 Qb4+ 46. Ka1 Kc2 47. Ka2 Qb2# 0-1

[Event "Kaspersky op U16"]
[Site "Tornelo INT"]
[Date "2021.04.02"]
[Round "7"]
[White "Sokolov, Mikhail1111"]
[Black "Bizyukina, Polina"]
[Result "0-1"]
[WhiteElo "1068"]
[BlackElo "1327"]
[PlyCount "66"]
[EventDate "2021.04.02"]
[EventType "swiss (blitz)"]
[EventRounds "11"]
[EventCountry "RUS"]
[SourceTitle "CBM 201 Extra"]
[Source "ChessBase"]
[SourceDate "2021.05.31"]
[SourceVersion "1"]
[SourceVersionDate "2021.05.31"]
[SourceQuality "1"]

1. e4 e5 2. Nf3 Nc6 3. Bb5 a6 4. Bxc6 dxc6 5. Nxe5 Qd4 6. Nf3 Qxe4+ 7. Qe2 Qxe2+ 8. Kxe2 Bg4 9. Re1 0-0-0 10. Kf1 Nf6 11. d3 Bb4 12. Bd2 Bxd2 13. Nfxd2 Rhe8 14. Nc3 Nd5 15. Nce4 f5 16. Ng3 f4 17. Nge4 Bf5 18. h3 h6 19. c4 Nb4 20. Rec1 Nxd3 21. Rc3 Bxe4 22. Nxe4 Rxe4 23. f3 Red4 24. Rc2 Nb4 25. Rc3 c5 26. a3 Nc6 27. Re1 Rd1 28. Kf2 R8d2+ 29. Kg1 Rxe1+ 30. Kh2 Ree2 31. h4 Rxg2+ 32. Kh3 h5 33. Rc2 Rg3# 0-1